000 00602nam a2200217Ia 4500
008 180523s9999 xx 000 0 und d
020 _a981-4119-16-4
050 _aMAIN TX 911.3
050 _b.M27W35 2002
100 _aWalker, John R.
245 0 _aIntroduction to hospitality /
245 0 _cJohn R. Walker.
260 _aSingapore :
260 _bPearson Education South Asia,
260 _c2002
300 _a600 pages :
300 _billustrations ;
300 _c24 cm.
500 _aIncludes bibliographical references and index.
650 _aHospitality industry -- Management.
999 _c357780
_d357780